000 00459nam a2200157 i 4500
001 34447
003 ES-MaACL
007 t|
008 030207s1857 sp ||||1| spa d
100 1 _aBonet y Bonfill, Magín.
_930137
245 1 0 _aCombustión espontánea del cuerpo humano /
_cMagín Bonet y Bonfill.
260 _aMadrid :
_b[s.n.],
_c1857 (
_fM. Alvarez)
300 _a19 p. ;
_c23 cm.
852 _aES-MaACL
_jT-437-F-22
852 _aES-MaACL
_jT-625-F-6
999 _c34447
_d34447